Goethes werke / (Record no. 82049)
[ view plain ]
| 000 -LEADER | |
|---|---|
| campo de control de longitud fija | 01066nam a2200217 i 4500 |
| 001 - NÚMERO DE CONTROL | |
| campo de control | 82049 |
| 003 - IDENTIFICADOR DE NÚMERO DE CONTROL | |
| campo de control | ES-MaACL |
| 005 - FECHA Y HORA DE LA ÚLTIMA TRANSACCIÓN | |
| campo de control | 20230906174556.0 |
| 007 - CAMPO FIJO DE DESCRIPCIÓN FÍSICA--INFORMACIÓN GENERAL | |
| campo de control de longitud fija | t| |
| 008 - DATOS DE LONGITUD FIJA--INFORMACIÓN GENERAL | |
| campo de control de longitud fija | 041119q1916 gw ||||1| ger d |
| 080 ## - NÚMERO DE LA CLASIFICACIÓN DECIMAL UNIVERSAL | |
| Número de la Clasificación Decimal Universal | 821.122.2-82"18" |
| 100 1# - ENTRADA PRINCIPAL--NOMBRE DE PERSONA | |
| Nombre de persona | Goethe, Johann Wolfgang von, |
| Fechas asociadas al nombre | 1749-1832 |
| 9 (RLIN) | 57568 |
| 245 10 - MENCIÓN DEL TÍTULO | |
| Título | Goethes werke / |
| Mención de responsabilidad, etc. | herausgegeben von Eduard Scheidemantel ; mit einem lebensbild von Karl Alt. |
| 260 ## - PUBLICACIÓN, DISTRIBUCIÓN, ETC. | |
| Lugar de publicación, distribución, etc. | Berlin [etc.] : |
| Nombre del editor, distribuidor, etc. | Bong & Co., |
| Fecha de publicación, distribución, etc. | [1916?] |
| 300 ## - DESCRIPCIÓN FÍSICA | |
| Extensión | 6 v. ; |
| Dimensiones | 19 cm. |
| 505 8# - NOTA DE CONTENIDO CON FORMATO | |
| Nota de contenido con formato | 1. Gedichte -- 2. Reineke Fuchs ; Hermann und Dorothea ; Achilleïs -- 3. Götz von Berlichingen ; Clavigo ; Stella ; Die Geschwister ; Egmont -- 4. Iphigenie auf Tauris ; Torquato Tasso -- 5. Faust -- 6. Die Leiden des jungen Werther -- 7. Wilhelm Meisters Lehrjahre -- 8. Die Wahlverwandschaften -- 9. Dichtung und Wahrheit : Erstes bis zehntes Buch -- 10. Dichtung und Wahrheit : elftes bis zwanzigsts buch |
| 700 1# - ENTRADA AGREGADA--NOMBRE PERSONAL | |
| Nombre de persona | Scheidemantel, Eduard. |
| 9 (RLIN) | 104276 |
| 700 1# - ENTRADA AGREGADA--NOMBRE PERSONAL | |
| Nombre de persona | Alt, Karl. |
| 9 (RLIN) | 20502 |
| 852 ## - LOCALIZACIÓN | |
| Ubicación | ES-MaACL |
| Número de control de estantería | G-102-107 |
| Estatus retirado | Estado de pérdida | Estado de daño | No para préstamo | Biblioteca de origen | Biblioteca actual | Ubicación en estantería | Fecha de adquisición | Fuente de adquisición | Total de préstamos | Signatura topográfica completa | Código de barras | Visto por última vez | Precio de reemplazo | Tipo de ítem Koha |
|---|---|---|---|---|---|---|---|---|---|---|---|---|---|---|
| Biblioteca del Ateneo de Madrid | Biblioteca del Ateneo de Madrid | Sala Pecera Planta 3 | 17/01/2008 | G-102-107 | 1085757 | 23/02/2023 | 23/02/2023 | Libro impreso |
